| 000 | 00386nam a2200145Ia 4500 | ||
|---|---|---|---|
| 008 | 230917s9999||||xx |||||||||||||| ||und|| | ||
| 040 |
_e29488 _aMAIN |
||
| 041 | _aEnglish | ||
| 082 | _a789.91 K623G | ||
| 100 | _aKinnear, Michael S | ||
| 245 | 0 | _aGramophone compan's first Indian recordings 1899-1908 | |
| 260 |
_aBombay _bPopular Parkashan _c1994 |
||
| 300 | _a285 p. | ||
| 942 | _cBK | ||
| 999 |
_c100660 _d100660 |
||